|
|
|
|
| LEADER |
00000cam a2200000 a 4500 |
| 001 |
vtls008330824 |
| 003 |
SK-MaSNL |
| 005 |
20260302003737.0 |
| 008 |
230403s1959 xo g f 000 0 slo |
| 015 |
|
|
|a SNBA1959/06-00963
|
| 035 |
|
|
|a SK01SNK19590023041
|
| 035 |
|
|
|a urn:nbn:sk:snk-am3i8ur
|
| 035 |
|
|
|a C8E1FA5E-45DE-4A5D-BA72-F3A96B8F75E4
|
| 035 |
|
|
|a urn:nbn:sk:snk-am00dxra
|
| 035 |
|
|
|a SKM000025504
|
| 040 |
|
|
|a SNK
|b slo
|c SNK
|e AACR2
|
| 041 |
0 |
|
|a slo
|
| 044 |
|
|
|a xo
|c SK
|
| 072 |
|
7 |
|a 66
|x Chemický priemysel. Chemická technológia
|2 konspekt
|
| 080 |
|
|
|a 331.2:66(035)
|2 1981
|
| 080 |
|
|
|a 66:331.2(035)
|2 1981
|
| 080 |
|
|
|a 331.2
|2 2011
|
| 080 |
|
|
|a (035)
|2 2011
|
| 080 |
|
|
|a 66
|2 2011
|
| 245 |
0 |
0 |
|a Nová sústava robotníckych miezd v chemickom priemysle a jej hlavné zásady
|
| 260 |
|
|
|a [Žilina]
|b [vydavateľ nie je známy]
|c [1959]
|
| 300 |
|
|
|a 15 strán
|b tabuľky
|c 21 cm
|
| 500 |
|
|
|a V knihe neuvedený názov vydavateľa
|
| 650 |
0 |
7 |
|a chemický priemysel
|2 SNKPH
|9 69615
|
| 650 |
0 |
7 |
|a mzdy
|2 SNKPH
|9 2316
|
| 655 |
|
7 |
|a príručky
|2 SNKPH
|9 74364
|
| 852 |
|
|
|a Slovenská národná knižnica
|
| 954 |
|
|
|a odborná, vedecká literatúra pôvodná (slovenská)
|2 lita
|
| 958 |
|
|
|a RK
|
| 958 |
|
|
|a TL
|
| 958 |
|
|
|a OND
|
| 958 |
|
|
|a EUIPO
|
| 999 |
|
|
|c 993161
|d 995091
|
| 952 |
|
|
|a SNK
|b SNK
|y PREZ
|7 0
|p 17A0845047
|o snkSC 13097
|i snkKSP 1819/59
|0 0
|1 0
|4 0
|d 2020-02-06
|f 1
|l 0
|r 2025-07-16 00:00:00
|w 2026-02-24
|